[Event "3rd Georgi Agzamov Mem"]
[Site "Tashkent AZE"]
[Date "2009.03.16"]
[Round "1"]
[White "Khoroshev,N"]
[Black "Kotsur,P"]
[Result "1/2-1/2"]
[WhiteElo "2175"]
[BlackElo "2563"]

1.d4 Nf6 2.c4 e6 3.Nf3 b6 4.g3 Ba6 5.Qc2 c5 6.d5 exd5 7.cxd5 g6 8.Nc3 Bg7
9.Bg2 O-O 10.O-O d6 11.a4 Re8 12.Re1 Bb7 13.Nd2 Na6 14.Nc4 Nb4 15.Qd1 Ba6
16.Nb5 Bxb5 17.axb5 Ne4 18.f3 Nf6 19.e4 a6 20.Bd2 Qc7 21.Bxb4 cxb4 22.Rc1 axb5
23.Ne5 Qb7 24.Nd3 Nd7 25.f4 Rac8 26.e5 dxe5 27.fxe5 Nxe5 28.d6 Rxc1 29.Bxb7 Rxd1
30.Rxd1 Rd8 31.Nxb4 Nc4 32.d7 Ne5 33.Bc8 Bf8 34.Nd5 Kg7 35.Kg2 Bc5 36.Nc7 b4
37.b3 h5 38.h3 Kf6 39.Nd5+ Ke6 40.Nf4+ Kf5 41.Nd3 Nc6 42.Re1 Be7 43.Bb7 Na5
44.Bc8 Nc6 45.Bb7 Na5 46.Bc8 Nc6  1/2-1/2

[Event "3rd Georgi Agzamov Mem"]
[Site "Tashkent AZE"]
[Date "2009.03.19"]
[Round "4"]
[White "Kuzubov,Y"]
[Black "Zhumabayev,R"]
[Result "1-0"]
[WhiteElo "2626"]
[BlackElo "2520"]

1.d4 Nf6 2.c4 e6 3.Nf3 b6 4.g3 Ba6 5.b3 d5 6.cxd5 exd5 7.Bg2 Bb4+ 8.Bd2 Bd6
9.Nc3 O-O 10.O-O Bb7 11.Qc2 a6 12.Nh4 g6 13.e4 Nxe4 14.Nxe4 dxe4 15.Bxe4 Bxe4
16.Qxe4 Nd7 17.Rfe1 Re8 18.Qc6 Nf8 19.Nf3 Qd7 20.Qc4 Qf5 21.Kg2 b5 22.Qc6 Qd7
23.Qc3 Qf5 24.d5 Nd7 25.Bh6 Nf6 26.h3 Bf8 27.g4 Nxd5 28.Qc6 Qc8 29.Bxf8 Nf4+
30.Kg3 Ne2+ 31.Rxe2 Rxe2 32.Bh6 Re6 33.Qc3 f6 34.Rc1 c6 35.Nd4 Re4 36.Be3 Qc7+
37.Kg2 Rc8 38.Qd3 Ree8 39.Ne2 Qd8 40.Nf4 Qxd3 41.Nxd3 a5 42.a3 Red8 43.Nc5 Rd5
44.Kf3 h5 45.Ke2 Kf7 46.Nb7 b4 47.a4 hxg4 48.hxg4 f5 49.gxf5 gxf5 50.Rc4 Kf6
51.Nc5 Rcd8 52.Rh4 Kf7 53.Kf3 Re8 54.Rc4 Kg7 55.Rc1 Kf7 56.Bf4 Re7 57.Rc4 Kg8
58.Be3 Re8 59.Bd4 Kf7 60.Bb2 Re7 61.Rc2 Ra7 62.Bc1 Re7 63.Bg5 Re8 64.Be3 Re7
65.Kf4 Re8 66.Na6 Rd3 67.Rc5 Re4+ 68.Kf3 Re6 69.Rxa5 Rxb3 70.Nc5 Rexe3+ 71.fxe3 Rc3
72.Ra7+ Kf6 73.Na6 b3 74.Rb7 Ke5 75.Ke2 c5 76.Rb5 Kd6 77.Rb6+ Kd5 78.a5 c4
79.Nb4+ Kc5 80.Kd2 b2 81.Na6+  1-0

[Event "Open B"]
[Site "Zagreb CRO"]
[Date "2009.03.27"]
[Round "7"]
[White "Stanoev,A"]
[Black "Ivekovic,Bo1"]
[Result "0-1"]
[WhiteElo "2236"]
[BlackElo "2093"]

1.d4 Nf6 2.Nf3 e6 3.c4 b6 4.g3 Ba6 5.b3 b5 6.cxb5 Bxb5 7.Bg2 Bb4+ 8.Bd2 Bxd2+
9.Nbxd2 d5 10.O-O O-O 11.Rc1 Nbd7 12.a4 Ba6 13.b4 Rc8 14.Nb3 c6 15.Na5 Qb6
16.Re1 Rc7 17.Qd2 Rfc8 18.Rc2 Ne4 19.Qc1 c5 20.dxc5 Ndxc5 21.bxc5 Qxa5 22.c6 Qxa4
23.Qb1 Rxc6 24.Ra2 Qb5 25.Qa1 Qb7 26.Rb1 Qxb1+ 27.Qxb1 Rc1+ 28.Qxc1 Rxc1+
29.Bf1 Rc6 30.Ne5 Rd6 31.e3 f6 32.Bxa6 fxe5 33.f4 exf4 34.gxf4 d4 35.exd4 Rxd4
36.Bc8 Rd1+ 37.Kg2 Rd2+ 38.Rxd2 Nxd2 39.Bxe6+ Kf8 40.Kf2 Ne4+ 41.Ke3 Nf6
42.Kd4 Ke7 43.Bb3 Kd6 44.Bc4 h6 45.Ba2 Ng4 46.h3 Nf6 47.Bc4 a5 48.Bb3 Nd7
49.h4 Nc5 50.Ba2 a4 51.h5 a3 52.Bc4 Nd7 53.Bf7 Ke7 54.Bb3 Nf6 55.Ke5 Nxh5
56.Kf5 Nf6 57.Kg6 Nd7 58.Ba2 Nf8+ 59.Kxg7 h5 60.f5 Nd7 61.Kh6 h4 62.Kg5 h3  0-1

[Event "TCh-NED 2008-9"]
[Site "Netherlands NED"]
[Date "2009.03.28"]
[Round "7"]
[White "Roobol,M"]
[Black "Hoeksema,E"]
[Result "1/2-1/2"]
[WhiteElo "2330"]
[BlackElo "2335"]

1.d4 Nf6 2.c4 e6 3.Nf3 b6 4.g3 Ba6 5.b3 b5 6.cxb5 Bxb5 7.Bg2 Bc6 8.O-O a5
9.a3 Qc8 10.Nbd2 d5 11.Qc2 Bb7 12.Bb2 Nbd7 13.Rac1 Bd6 14.Ne5 O-O 15.Nd3 Ba6
16.Rfe1 Bxd3 17.Qxd3 Qa6 18.Qc2 Rab8 19.e4 dxe4 20.Nxe4 Qb5 21.Nxd6 cxd6
22.Re3 Nd5 23.Rf3 N7f6 24.Bf1 Qb7 25.Qc6 Qxc6 26.Rxc6 Rfc8 27.Rxc8+ Rxc8
28.Bd3 g5 29.h3 h5 30.Bb1 g4 31.hxg4 hxg4 32.Rd3 Ne4 33.Kg2 f5 34.Rd1 Rb8
35.Bc2 Kg7 36.Rc1 Nd2 37.Bd1 Nxb3 38.Rc6 Nd2 39.Bc1 Ne4 40.Bc2 Rb6 41.Rc8 Nec3
42.Bd3 Rb3 43.Bc4 Rb6 44.Bd3 Rb3 45.Bc2 Rb6  1/2-1/2

[Event "Spring Open"]
[Site "Belgrade SRB"]
[Date "2009.03.31"]
[Round "9"]
[White "Djokic,Nen"]
[Black "Vujadinovic,M"]
[Result "1-0"]
[WhiteElo "2350"]
[BlackElo "2173"]

1.d4 Nf6 2.Nf3 e6 3.c4 b6 4.g3 Ba6 5.Qa4 Be7 6.Bg2 Bb7 7.O-O O-O 8.Rd1 d6
9.Nc3 Nbd7 10.Qc2 a6 11.e4 c5 12.e5 Ne8 13.dxc5 Bxf3 14.Bxf3 Nxe5 15.Bxa8 Qxa8
16.Qe4 Qxe4 17.Nxe4 bxc5 18.b3 f5 19.Nc3 Bf6 20.Bb2 Nf3+ 21.Kg2 Nd4 22.Rab1 Nc7
23.Na4 e5 24.b4 Nce6 25.bxc5 dxc5 26.Ba3  1-0

[Event "CEZ Cup"]
[Site "Frydek Mistek CZE"]
[Date "2009.04.09"]
[Round "1"]
[White "Straka,Jos"]
[Black "Jurek,J"]
[Result "0-1"]
[WhiteElo "2216"]
[BlackElo "2344"]

1.d4 Nf6 2.c4 e6 3.Nf3 b6 4.g3 Ba6 5.b3 Bb4+ 6.Bd2 Be7 7.Nc3 O-O 8.Bg2 c6
9.O-O d5 10.cxd5 cxd5 11.Ne5 Nfd7 12.Bf4 Nxe5 13.Bxe5 Nc6 14.Bf4 Rc8 15.a4 Bf6
16.Nb5 Bxb5 17.axb5 Nxd4 18.Rxa7 Nxb5 19.Ra6 e5 20.Bc1 Nc3 21.Qd2 Qc7 22.Bb2 d4
23.Rfa1 e4 24.f3 Rfe8 25.fxe4 h6 26.Qd3 Bg5 27.Ra7 Qe5 28.Qf3 Bf6 29.Rd7 Ra8
30.Rxa8 Rxa8 31.Qd3 Ra2 32.Bxc3 dxc3 33.Qc4 Qc5+ 34.Qxc5 bxc5 35.e5 c2  0-1

[Event "Open"]
[Site "Lenk SUI"]
[Date "2009.04.09"]
[Round "1"]
[White "Monnerat,D"]
[Black "Broennimann,M"]
[Result "0-1"]
[WhiteElo "1964"]
[BlackElo "2292"]

1.d4 Nf6 2.c4 e6 3.Nf3 b6 4.g3 Ba6 5.b3 Bb4+ 6.Bd2 Be7 7.Bg2 c6 8.O-O O-O
9.Qc2 d5 10.Ne5 dxc4 11.Bxc6 Nxc6 12.Nxc6 Qc7 13.Nxe7+ Qxe7 14.Bc3 Rac8 15.bxc4 Rxc4
16.Nd2 Rc7 17.Qa4 Bxe2 18.Bb4 Qe8 19.Qa3 Bxf1 20.Rxf1 Nd5 21.Bxf8 Qxf8 22.Qa4 Nc3
23.Qa6 Qc8 24.Qd3 Nxa2 25.Ne4 Nb4 26.Qb5 Nd5 27.Ra1 Qd7 28.Qd3 h6  0-1

[Event "Open"]
[Site "Lenk SUI"]
[Date "2009.04.10"]
[Round "2"]
[White "Burnier,D"]
[Black "Salzgeber,F"]
[Result "1-0"]
[WhiteElo "2331"]
[BlackElo "2163"]

1.d4 Nf6 2.c4 e6 3.Nf3 b6 4.g3 Ba6 5.Qc2 c5 6.d5 exd5 7.cxd5 Be7 8.Bg2 d6
9.Nc3 O-O 10.O-O Nbd7 11.Re1 Ne8 12.Bf4 Bf6 13.Ne4 Qe7 14.Rad1 Be5 15.Nxe5 Nxe5
16.Bc1 f6 17.f4 Ng6 18.Nf2 Nc7 19.e4 Rae8 20.b3 Qd8 21.Bb2 Bb5 22.h4 Na6
23.h5 Ne7 24.h6 Nb4 25.Qd2 Ng6 26.hxg7 Kxg7 27.a3 Na6 28.Ng4 Bd7 29.Nxf6  1-0

[Event "ch-MGL"]
[Site "Ulan Bator MGL"]
[Date "2009.04.11"]
[Round "1"]
[White "Munkhgal,G"]
[Black "Gundavaa,B"]
[Result "0-1"]
[WhiteElo "2200"]
[BlackElo "2461"]

1.d4 Nf6 2.c4 e6 3.Nf3 b6 4.g3 Ba6 5.b3 Bb4+ 6.Bd2 Be7 7.Bg2 c6 8.Bc3 d5
9.Ne5 Nfd7 10.Nxd7 Nxd7 11.Nd2 O-O 12.O-O f5 13.Re1 Rc8 14.e3 Bd6 15.a4 Qf6
16.a5 b5 17.Qc2 b4 18.Bb2 g5 19.f3 Qg6 20.c5 Bc7 21.f4 g4 22.Bf1 Bxf1 23.Nxf1 Rb8
24.Qd3 Rb5 25.a6 h5 26.Re2 Kf7 27.Bc1 h4 28.Bd2 hxg3 29.Nxg3 Rh8 30.Ra4 Rhb8
31.Qb1 Bd8 32.Qe1 Bh4 33.Rxb4 Rxb4 34.Bxb4 Nf6 35.Ba3 Bxg3 36.hxg3 Rxb3 37.Rh2 Rxa3
38.Qb1 Qg7 39.Rh4 Rxe3 40.Kf2 Rf3+ 41.Kg2 Ne4 42.Qb7+ Kg6 43.Qxc6 Rxg3+ 44.Kh2 Qe7
45.Rh8 Rh3+ 46.Rxh3 gxh3 47.Qa8 Kh5 48.Qh8+ Kg4 49.c6 Qh4 50.Qg7+ Kf3 51.c7 Qxf4+  0-1

[Event "ch-MGL"]
[Site "Ulan Bator MGL"]
[Date "2009.04.13"]
[Round "5"]
[White "Erkhembayar,D"]
[Black "Batchuluun,T"]
[Result "0-1"]
[WhiteElo "2343"]
[BlackElo "2391"]

1.d4 Nf6 2.c4 e6 3.Nf3 b6 4.g3 Ba6 5.b3 Bb4+ 6.Bd2 Be7 7.Bg2 c6 8.Bc3 d5
9.Ne5 Nfd7 10.Nxd7 Nxd7 11.Nd2 O-O 12.O-O f5 13.cxd5 cxd5 14.Bb2 Rc8 15.Nf3 Bd6
16.Qd2 Nf6 17.Ne5 Ne4 18.Bxe4 dxe4 19.Rfd1 f4 20.e3 f3 21.d5 Bxe5 22.Bxe5 Bd3
23.dxe6 Qe7 24.Bc3 Qxe6 25.Kh1 Qh3 26.Rg1 Rc6 27.g4 Rfc8 28.Rac1 Rc5 29.b4 Rc4
30.Qb2 R8c6 31.Rg3 Qh6 32.Rgg1 Qe6 33.Qb3 Kf7 34.h3 b5 35.Qa3 a6 36.Qb2 Qc8
37.Bd2 Rc2 38.Qb3+ Qe6 39.Kh2 R6c4 40.Rxc2 Bxc2 41.Qb2 Qd6+ 42.Kh1 Qxd2 43.Qe5 Qd7  0-1

[Event "ch-MGL"]
[Site "Ulan Bator MGL"]
[Date "2009.04.13"]
[Round "5"]
[White "Munkhgal,G"]
[Black "Lhagva,J"]
[Result "1-0"]
[WhiteElo "2200"]
[BlackElo "2213"]

1.d4 Nf6 2.c4 e6 3.Nf3 b6 4.g3 Ba6 5.Qc2 d5 6.b3 Bb4+ 7.Bd2 Bxd2+ 8.Nbxd2 Nbd7
9.Bg2 c6 10.O-O Rc8 11.e4 b5 12.e5 Ng8 13.c5 b4 14.Rfe1 Bb5 15.Nf1 Ne7 16.Qd2 Bxf1
17.Bxf1 Rb8 18.a3 a5 19.axb4 Rxb4 20.Ra3 O-O 21.Rea1 Nf5 22.Bd3 Re8 23.Bc2 Qb8
24.Rxa5 Rb7 25.Ra6 Ne7 26.Qa5 f6 27.Re1 Rb5 28.Qc3 Qb7 29.Ra4 Nf8 30.Rea1 Nfg6
31.exf6 gxf6 32.Qe3 Nc8 33.Ra8 Qc7 34.Bf5 Nf8 35.R1a6 Re7 36.Bc2 Nd7 37.Qh6 Rb8
38.Ra1 Rxa8 39.Rxa8 Qb7 40.Bxh7+ Rxh7 41.Qg6+ Rg7 42.Qe8+ Nf8 43.Rxc8 Rf7
44.Qxe6  1-0

[Event "CCF Easter"]
[Site "Coulsdon ENG"]
[Date "2009.04.14"]
[Round "3"]
[White "Sowray,P"]
[Black "Baker,CW"]
[Result "1/2-1/2"]
[WhiteElo "2311"]
[BlackElo "2351"]

1.c4 b6 2.d4 e6 3.Nf3 Nf6 4.g3 Ba6 5.b3 Bb4+ 6.Bd2 Be7 7.Bg2 d5 8.cxd5 exd5
9.O-O O-O 10.Nc3 c6 11.Qc2 Nbd7 12.Rfe1 Rc8 13.Rad1 Re8 14.Bc1 Bf8 15.Bb2 Bb7
16.e3 g6 17.Qb1 Bg7 18.Ba3 Qc7 19.Rc1 Qb8 20.Red1 Ba6 21.Qc2 Bb7 22.Qd2 Rcd8
23.Qc2 Rc8 24.Bh3 Rcd8 25.Bg2  1/2-1/2

[Event "7th V.Nabokov Mem"]
[Site "Kyiv UKR"]
[Date "2009.04.14"]
[Round "1"]
[White "Kruppa,Y"]
[Black "Pavlov,S2"]
[Result "1/2-1/2"]
[WhiteElo "2566"]
[BlackElo "2465"]

1.d4 Nf6 2.c4 e6 3.Nf3 b6 4.g3 Ba6 5.b3 Bb4+ 6.Bd2 Be7 7.Bg2 c6 8.O-O O-O
9.Nc3 d5 10.cxd5 cxd5 11.Ne5 Nfd7 12.Nxd7 Nxd7  1/2-1/2

[Event "ch-MGL"]
[Site "Ulan Bator MGL"]
[Date "2009.04.15"]
[Round "7"]
[White "Erkhembayar,D"]
[Black "Bayarmandakh,B"]
[Result "0-1"]
[WhiteElo "2343"]
[BlackElo "2345"]

1.d4 Nf6 2.c4 e6 3.Nf3 b6 4.g3 Ba6 5.b3 Bb4+ 6.Bd2 Be7 7.Nc3 d5 8.cxd5 exd5
9.Bg2 O-O 10.O-O Re8 11.Ne5 c6 12.Re1 Nfd7 13.Nxd7 Nxd7 14.e4 dxe4 15.Nxe4 Rc8
16.Rc1 f5 17.Ng5 Bxg5 18.Rxe8+ Qxe8 19.Bxg5 h6 20.Bf4 Bb7 21.d5 c5 22.Qd3 Qf7
23.h4 Re8 24.Rd1 Nf8 25.Bh3 Re4 26.Be3 Nd7 27.Qxe4 fxe4 28.Be6 Ne5 29.Kf1 Nd3
30.f3 exf3 31.Kg1 Ne5 32.Kf2 Ng4+ 33.Ke1 Nxe3 34.Bxf7+ Kxf7 35.Rd3 Nc2+ 36.Kf2 Nd4
37.b4 Bxd5  0-1

[Event "ch-MGL"]
[Site "Ulan Bator MGL"]
[Date "2009.04.15"]
[Round "7"]
[White "Tuvsanaa,N"]
[Black "Munkhgal,G"]
[Result "1/2-1/2"]
[WhiteElo "2301"]
[BlackElo "2200"]

1.d4 Nf6 2.c4 e6 3.Nf3 b6 4.g3 Ba6 5.Nbd2 d5 6.Bg2 c6 7.O-O Be7 8.Ne5 Nfd7
9.Nxd7 Nxd7 10.b3 f5 11.cxd5 cxd5 12.Bb2 O-O 13.Rc1 Bd6 14.a3 Nf6 15.Re1 Ne4
16.e3 Qe7 17.f3 Nxg3 18.hxg3 Bxg3 19.Re2 Rac8 20.Nf1 Bxe2 21.Qxe2 Rxc1 22.Bxc1 Bd6
23.b4 a5 24.bxa5 bxa5 25.a4 Bb4 26.e4 dxe4 27.fxe4 Qd7 28.d5 Bc5+ 29.Be3 Bxe3+
30.Qxe3 exd5 31.exd5 Qxa4 32.d6 Qd7 33.Qc5 Rd8 34.Qxa5 f4 35.Nd2 Qxd6 36.Ne4 Qe7
37.Qf5 Rf8 38.Qd5+ Kh8 39.Ng5 h6 40.Nf3 Rd8 41.Qf5 Qf6 42.Qxf6 gxf6 43.Kf2 Kg7
44.Nh4 h5 45.Kf3 Kh6 46.Kxf4 Rd4+ 47.Kg3 Rg4+ 48.Kh3 Kg5 49.Nf3+ Kf4 50.Ne1 Rg3+
51.Kh2 Re3 52.Nc2 Re2 53.Nd4 Rd2 54.Nb3 Rd1 55.Nc5 Rd2 56.Kh3 Re2 57.Nd7 Kg5
58.Bf3 Re3 59.Kg3 h4+ 60.Kf2 Rc3 61.Bd5 Rd3 62.Nb6 Kf4 63.Ba8 Rd2+ 64.Ke1 Ra2
65.Bd5 Rb2 66.Nc4 Rb5 67.Ba8 Kg3 68.Nd2 Re5+ 69.Kf1 Ra5 70.Bc6 h3 71.Ne4+ Kh4
72.Nf2 Kg3 73.Ne4+ Kh4 74.Nf2 f5 75.Bb7 Kg3 76.Nh1+ Kf4 77.Nf2 Ra3 78.Bd5 Ra5
79.Bc6 Ra3 80.Bd5 Ke5 81.Bb7 Rb3 82.Bc6 Rg3 83.Ke2 f4 84.Bf3 Kf5 85.Bc6 Re3+
86.Kf1 Kg5 87.Nh1 Rc3 88.Bd5 f3 89.Kg1 Kf4 90.Kh2 Rc1 91.Ng3 Rc2+ 92.Kxh3 Rc5
93.Nh5+ Ke3 94.Bxf3 Kxf3 95.Kh4 Rf5 96.Ng7 Rf6 97.Kg5 Rf4 98.Ne6 Ra4 99.Kf5  1/2-1/2

[Event "16th ch-Asian Cities Dubai Cup"]
[Site "Beirut LIB"]
[Date "2009.04.19"]
[Round "5"]
[White "Saud,M"]
[Black "Kameran,A"]
[Result "1-0"]
[WhiteElo "2135"]
[BlackElo "1917"]

1.d4 Nf6 2.Nf3 e6 3.c4 b6 4.g3 Ba6 5.Qc2 d5 6.Nbd2 Nbd7 7.Bg2 Be7 8.O-O O-O
9.b3 c5 10.Bb2 Rc8 11.Rac1 cxd4 12.Nxd4 b5 13.Qb1 bxc4 14.bxc4 dxc4 15.Nc6 Qe8
16.Nxc4 Bxc4 17.Rxc4 Nb6 18.Rcc1 Rc7 19.Nxe7+ Qxe7 20.Ba3 Qxa3 21.Rxc7 Nfd5
22.Rc2 Nb4 23.Rb2 a5 24.Rb3 Qa4 25.Rc1 Nd7 26.a3 Nc6  1-0

[Event "7th V.Nabokov Mem"]
[Site "Kyiv UKR"]
[Date "2009.04.21"]
[Round "10"]
[White "Kruppa,Y"]
[Black "Soltanici,R"]
[Result "1/2-1/2"]
[WhiteElo "2566"]
[BlackElo "2401"]

1.d4 Nf6 2.c4 e6 3.Nf3 b6 4.g3 Ba6 5.Qa4 c5 6.Bg2 Bb7 7.dxc5 Bxc5 8.O-O Be7
9.Nc3 Na6 10.Rd1 O-O 11.Be3 Nc5 12.Qc2 Qc8 13.Bd4 Nce4 14.Rac1 Nxc3 15.Qxc3 Qc7
16.Qb3 Rac8 17.Be5 d6 18.Bf4 h6 19.Ne1 Bxg2 20.Nxg2 Rfd8 21.f3 Qb7 22.e4 Rc6  1/2-1/2

[Event "16th ch-Asian Cities Dubai Cup"]
[Site "Beirut LIB"]
[Date "2009.04.22"]
[Round "8"]
[White "Kameran,A"]
[Black "Ali,L"]
[Result "0-1"]
[WhiteElo "1917"]
[BlackElo "2289"]

1.d4 Nf6 2.c4 e6 3.Nf3 b6 4.g3 Ba6 5.b3 Bb4+ 6.Bd2 Be7 7.Bg2 c6 8.O-O d5
9.Ne5 Nfd7 10.Nxd7 Nxd7 11.Bc3 O-O 12.Nd2 Rc8 13.Re1 b5 14.cxb5 cxb5 15.Bb2 Nf6
16.a3 b4 17.axb4 Qb6 18.Ba3 Qxd4 19.e4 Bb7 20.b5 Bxa3 21.Rxa3 Rfd8 22.exd5 Bxd5
23.Ne4 Bxe4 24.Qxd4 Rxd4 25.Bxe4 Rxe4 26.Rxe4 Nxe4 27.Rxa7 Rb8 28.b6  0-1

[Event "ch-Moscow men"]
[Site "Moscow RUS"]
[Date "2009.04.29"]
[Round "7"]
[White "Kunin,V"]
[Black "Savchenko,B"]
[Result "1/2-1/2"]
[WhiteElo "2533"]
[BlackElo "2655"]

1.d4 Nf6 2.Nf3 e6 3.c4 b6 4.g3 Ba6 5.b3 Bb4+ 6.Bd2 Be7 7.Bg2 c6 8.Nc3 d5
9.Ne5 Nfd7 10.Nxd7 Nxd7 11.O-O Rc8 12.cxd5 cxd5 13.Re1 O-O 14.Rc1 b5 15.e3 Qb6
16.Bf1 Qb7 17.Ne2 b4 18.Rxc8 Rxc8 19.Qb1 e5 20.dxe5 Nxe5 21.Nd4 Bc5 22.Qf5 Re8
23.Nf3 g6 24.Qf6 Bxf1 25.Nxe5 Bh3 26.Qh4 Qc8 27.Nd3 Bf8 28.Nf4 Be6 29.Nxe6 Rxe6
30.Rc1 Qe8 31.Qd4 a5 32.Qa7 Rf6 33.Qxa5 Qe4 34.Qd8 Kg7 35.Be1 Bc5 36.Rxc5 Qb1
37.Kf1 Qd3+ 38.Kg2 Qe4+ 39.Kg1 Qb1 40.Kf1  1/2-1/2

[Event "2nd Mayors Cup"]
[Site "Mumbai IND"]
[Date "2009.05.01"]
[Round "11"]
[White "Singh,DP"]
[Black "Satyapragyan,S"]
[Result "0-1"]
[WhiteElo "2306"]
[BlackElo "2428"]

1.d4 Nf6 2.c4 b6 3.Nf3 e6 4.g3 Ba6 5.Qc2 Bb4+ 6.Bd2 Be7 7.Bg2 O-O 8.O-O c6
9.Rd1 d5 10.b3 Nbd7 11.a4 h6 12.a5 Ne4 13.Be1 b5 14.Ne5 Nxe5 15.dxe5 Nc5
16.cxb5 cxb5 17.e4 d4 18.b4 d3 19.Qa2 Na4 20.Nc3 Rc8 21.Nxa4 bxa4 22.Qxa4 Qd4
23.Bd2 Qxe5 24.Be3 Bb5 25.Qb3 a6 26.Rac1 Rfd8 27.f4 Qh5  0-1

[Event "2nd Mayors Cup"]
[Site "Mumbai IND"]
[Date "2009.05.02"]
[Round "2"]
[White "Deviatkin,A"]
[Black "Divyasri,C"]
[Result "1-0"]
[WhiteElo "2566"]
[BlackElo "2138"]

1.d4 Nf6 2.Nf3 e6 3.c4 b6 4.g3 Ba6 5.b3 Bb4+ 6.Bd2 Be7 7.Nc3 O-O 8.e4 d5
9.cxd5 Bxf1 10.Kxf1 exd5 11.e5 Ne4 12.Rc1 c5 13.Be3 Nxc3 14.Rxc3 Nd7 15.Rd3 c4
16.bxc4 dxc4 17.Rc3 b5 18.d5 Bb4 19.Rc2 Nc5 20.Bxc5 Bxc5 21.d6 Rc8 22.Qd5 Bb6
23.Kg2 Re8 24.Qb7 Ba5  1-0

[Event "2nd Mayors Cup"]
[Site "Mumbai IND"]
[Date "2009.05.02"]
[Round "2"]
[White "Deviatkin,A"]
[Black "Divyasri,C"]
[Result "1-0"]
[WhiteElo "2566"]
[BlackElo "2138"]

1.d4 Nf6 2.Nf3 e6 3.c4 b6 4.g3 Ba6 5.b3 Bb4+ 6.Bd2 Be7 7.Nc3 O-O 8.e4 d5
9.cxd5 Bxf1 10.Kxf1 exd5 11.e5 Ne4 12.Rc1 c5 13.Be3 Nxc3 14.Rxc3 Nd7 15.Rd3 c4
16.bxc4 dxc4 17.Rc3 b5 18.d5 Bb4 19.Rc2 Nc5 20.Bxc5 Bxc5 21.d6 Rc8 22.Qd5 Bb6
23.Kg2 Rc5 24.Qe4 f6 25.Rd1 fxe5 26.Nxe5 Re8 27.f4 Re6 28.Qb7 Rf6 29.Rd5 Qc8
30.Qxc8+ Rxc8 31.d7 Rcf8 32.Rxb5 Rd6 33.Rxc4 Rd2+ 34.Kh3 Rxa2 35.Rd5 Ra5
36.Rxa5 Bxa5 37.Rc8  1-0

[Event "IV Tch-ESP Selecciones Autonomicas"]
[Site "Villava ESP"]
[Date "2009.05.03"]
[Round "6"]
[White "Martinez Ayesa,A"]
[Black "Arnedo Ruiz,A"]
[Result "1/2-1/2"]
[WhiteElo "1808"]
[BlackElo "1906"]

1.d4 e6 2.c4 Nf6 3.Nf3 b6 4.g3 Ba6 5.Qc2 c5 6.a3 Bb7 7.dxc5 bxc5 8.Bg2 Be7
9.O-O d6 10.Nc3 a6 11.e4 Nc6 12.Rd1 Qc7 13.Qe2 Rb8 14.Bf4 Nd4 15.Qd3 e5 16.Bg5 Bc6
17.Rab1 Qa5 18.Nxd4 cxd4 19.Bxf6 Bxf6 20.Nd5 Bxd5 21.cxd5 Ke7 22.Bf1 Rb6
23.Rdc1 Rhb8 24.b4 Qa4 25.Rc7+ Kf8 26.Ra7 Bd8 27.Rxa6 Rxa6 28.Qxa6 Qxa6 29.Bxa6 Ra8
30.b5 Bb6 31.Kf1 Ra7 32.Rc1 Bc5 33.a4 Ke7 34.f4 f6 35.Ke2 Kd7 36.fxe5 fxe5
37.Rf1 Ke7 38.g4 Ra8 39.Kd3 Rf8 40.Rxf8 Kxf8 41.Kc2 Bb6 42.Kd3 g5 43.Bb7 Ke7
44.Bc6 Kd8 45.Kc4 Kc7 46.Be8 Ba5 47.h3 Kb6 48.Bc6 Bd2 49.Be8 Bc1 50.a5+ Kxa5
51.b6 Kxb6 52.Ba4 Ka5 53.Bd1 d3 54.Bb3  1/2-1/2

[Event "2nd Mayors Cup"]
[Site "Mumbai IND"]
[Date "2009.05.04"]
[Round "5"]
[White "Prakash,G"]
[Black "Bartakke,A"]
[Result "1-0"]
[WhiteElo "2404"]
[BlackElo "2177"]

1.d4 Nf6 2.Nf3 e6 3.c4 b6 4.g3 Ba6 5.Nbd2 Bb7 6.Bg2 c5 7.e4 cxd4 8.O-O d6
9.Nxd4 Qd7 10.a4 Nc6 11.Nxc6 Bxc6 12.b4 Be7 13.b5 Bb7 14.a5 bxa5 15.Bb2 O-O
16.Nb3 e5 17.Nxa5 Bxe4 18.Bxe4 Nxe4 19.Bxe5 Qe6 20.Bd4 d5 21.f3 Ng5 22.c5 Rfc8
23.Nb3 Qh6 24.Ra6 Ne6 25.Re1 Qh3 26.Rexe6 fxe6 27.Qe2 Kf7 28.c6 Qf5 29.Kg2 Kg8
30.Bxa7 e5 31.b6 Rxc6 32.b7 Rcc8 33.bxa8=Q Rxa8 34.Bf2 Rc8 35.Nd4 Qg5 36.f4  1-0

[Event "31st Banicky kahanec"]
[Site "Prievidza SVK"]
[Date "2009.05.05"]
[Round "4"]
[White "Polak,T"]
[Black "Bartel,Mat"]
[Result "1-0"]
[WhiteElo "2508"]
[BlackElo "2601"]

1.d4 Nf6 2.c4 e6 3.Nf3 b6 4.g3 Ba6 5.b3 d5 6.cxd5 exd5 7.Bg2 Bb4+ 8.Bd2 Bd6
9.Nc3 O-O 10.O-O Re8 11.Ne5 Bb7 12.Bg5 c6 13.e4 h6 14.Bxf6 Qxf6 15.f4 Bb4
16.Rc1 Bxc3 17.Rxc3 Na6 18.exd5 cxd5 19.g4 Re7 20.Rg3 Qd6 21.g5 hxg5 22.fxg5 Rxe5
23.dxe5 Qxe5 24.Re1 Qd6 25.Qh5 g6 26.Qh6 Qf8 27.Qxf8+ Kxf8 28.Rh3 Nc5 29.Rh8+ Kg7
30.Rxa8 Bxa8 31.Rd1 Bc6 32.Bxd5 Be8 33.b4 Na6 34.a3 Nc7 35.Bc4 Kf8 36.Rc1 Bd7
37.Bxf7 Nb5 38.Bxg6  1-0

[Event "2nd Mayors Cup"]
[Site "Mumbai IND"]
[Date "2009.05.07"]
[Round "8"]
[White "Fominyh,A"]
[Black "Miroshnichenko,E"]
[Result "0-1"]
[WhiteElo "2485"]
[BlackElo "2680"]

1.d4 Nf6 2.Nf3 e6 3.c4 b6 4.g3 Ba6 5.Qc2 Bb7 6.Bg2 c5 7.d5 exd5 8.cxd5 Nxd5
9.O-O Be7 10.Rd1 Nc6 11.a3 Nc7 12.Nc3 O-O 13.Qf5 Ne6 14.Nd5 d6 15.Be3 g6
16.Qb1 Re8 17.b4 Bf8 18.Ra2 Bg7 19.Rad2 Ncd4 20.Bxd4 cxd4 21.Ne1 Qd7 22.Rc2 Rac8
23.Rdc1 Bxd5 24.Bxd5 Rc3 25.b5 Rec8 26.Nd3 h5 27.a4 h4 28.Nb4 R8c5 29.Bc6 Qd8
30.Nd5 Rxc2 31.Rxc2 Qg5 32.Qb3 h3 33.f4 Qd8 34.Kf1 Kf8 35.Ke1 Qc8 36.Nb4 g5
37.Nd3 Rc3 38.Rxc3 dxc3 39.Qd5 gxf4 40.gxf4 Qd8 41.Kd1 Kg8 42.Qh5 Qf6 43.Qxh3 Qd4
44.Ke1 Qg1+ 45.Qf1 Qxf1+ 46.Kxf1  0-1

[Event "FIDE Open"]
[Site "Ostrava CZE"]
[Date "2009.05.07"]
[Round "6"]
[White "Bernasek,J"]
[Black "Maiorov,N1"]
[Result "1-0"]
[WhiteElo "2443"]
[BlackElo "2525"]

1.d4 Nf6 2.c4 e6 3.Nf3 b6 4.g3 Ba6 5.Nbd2 Bb4 6.Qc2 Bb7 7.Bg2 Be4 8.Qd1 Bxd2+
9.Qxd2 O-O 10.O-O d6 11.b3 Nbd7 12.Bb2 a5 13.a3 Qe7 14.Qc3 c5 15.Rfd1 Rfc8
16.Rac1 a4 17.b4 d5 18.dxc5 bxc5 19.cxd5 Bxd5 20.bxc5 Nxc5 21.Qe5 Qf8 22.Qf4 Nfd7
23.Ne5 Nxe5 24.Bxe5 Bxg2 25.Kxg2 Nb3 26.Rxc8 Qxc8 27.Qg4 Qf8 28.Rd7 Nc5 29.Rc7 Nb3
30.f3 Kh8 31.Qh5 Kg8 32.Bd6 g6 33.Qe5 Qg7 34.Qe4 Rd8 35.Be5 Qh6 36.Bf6 Rf8
37.Be7 Rb8 38.Qc4  1-0

[Event "2nd Mayors Cup"]
[Site "Mumbai IND"]
[Date "2009.05.08"]
[Round "9"]
[White "Temirbayev,S"]
[Black "Sharma,Di"]
[Result "1/2-1/2"]
[WhiteElo "2458"]
[BlackElo "2382"]

1.d4 Nf6 2.c4 e6 3.Nf3 b6 4.g3 Ba6 5.b3 Bb4+ 6.Bd2 Be7 7.Bg2 c6 8.O-O d5
9.cxd5 cxd5 10.Nc3 Nc6 11.Qb1 Rc8 12.a3 O-O 13.Rc1 h6 14.Bf1 Bd6 15.Bf4 Bxf4
16.gxf4 Qd6 17.e3 Bxf1  1/2-1/2

[Event "III Open"]
[Site "La Laguna ESP"]
[Date "2009.05.09"]
[Round "8"]
[White "Skutta,B"]
[Black "Molina Rodriguez,B"]
[Result "1-0"]
[WhiteElo "2130"]
[BlackElo "1727"]

1.d4 Nf6 2.Nf3 e6 3.c4 b6 4.g3 Ba6 5.Qc2 Bb7 6.Bg2 c5 7.d5 exd5 8.cxd5 Nxd5
9.O-O Be7 10.Ne5 f6 11.Ng6 hxg6 12.Qxg6+ Kf8 13.Nc3 Nxc3 14.Bxb7 Nxe2+ 15.Kg2 Nxc1
16.Bxa8 Ne2 17.Bf3 Rh6 18.Qd3 Nd4 19.Bd5 Nbc6 20.a3 Ne5 21.Qa6 Qc7 22.Rac1 Bd6
23.Rfd1 Nec6 24.b4 Rh5 25.Ba2 Qb8 26.b5 Na5 27.Rxd4 Nb7 28.Rd3 Re5 29.Rcd1 Ke7
30.Qa4 Qa8 31.Bd5 Qb8 32.Qg4 Rg5 33.Qe4+ Re5 34.Qh7 Rg5 35.h4 Rg4 36.Kh3  1-0

[Event "TCh-NED 2008-9"]
[Site "Netherlands NED"]
[Date "2009.05.10"]
[Round "9"]
[White "Peng Zhaoqin"]
[Black "Chuchelov,V"]
[Result "0-1"]
[WhiteElo "2462"]
[BlackElo "2575"]

1.d4 Nf6 2.c4 e6 3.Nf3 b6 4.g3 Ba6 5.b3 d5 6.Bg2 Bb4+ 7.Bd2 Be7 8.O-O O-O
9.cxd5 exd5 10.Nc3 Bb7 11.Qc2 Na6 12.Rfd1 Qc8 13.a3 c5 14.Be3 Rd8 15.Qb2 Ne4
16.Rac1 Qe6 17.Ne1 Bf6 18.Nc2 h5 19.b4 Qe7 20.Nxe4 dxe4 21.bxc5 Nxc5 22.Qb5 Ne6
23.Qxh5 Rac8 24.Qg4 Nxd4 25.Nxd4 Rxc1 26.Bxc1 Rxd4 27.Rxd4 Bxd4 28.e3 Bf6
29.Qd1 Qc5 30.Qd2 a5 31.Bf1 b5 32.Bb2 Bxb2 33.Qxb2 b4 34.axb4 axb4 35.Be2 Qc3
36.Qb1 b3 37.Bd1 Qe1+ 38.Kg2 Ba6 39.g4 Qf1+ 40.Kg3 Qg1+ 41.Kf4 Be2 42.Qxb3 Qxg4+  0-1

[Event "XXVIII Open"]
[Site "Zalakaros HUN"]
[Date "2009.05.15"]
[Round "8"]
[White "Pasztor,F1"]
[Black "Nemeth,D"]
[Result "0-1"]
[WhiteElo "2253"]
[BlackElo "2132"]

1.d4 Nf6 2.Nf3 e6 3.c4 b6 4.g3 Ba6 5.b3 Bb7 6.Bg2 Bb4+ 7.Nbd2 Bc3 8.Rb1 Be4
9.O-O Bxb1 10.Nxb1 Bb4 11.c5 bxc5 12.a3 Ba5 13.dxc5 c6 14.b4 Bc7 15.Nc3 O-O
16.e4 h6 17.Qd4 Qe7 18.Bb2 a5 19.Re1 e5 20.Qc4 Na6 21.Bh3 axb4 22.axb4 Nxb4
23.Nh4 Kh8 24.Rb1 Rfb8 25.Bc1 Nc2 26.Rxb8+ Rxb8 27.Bf1 Rb4 28.Qa2 Nd4 29.Nf5 Nxf5
30.exf5 e4 31.Ba3 Rb8 32.Qc4 Ba5 33.Nd1 Nd5 34.Ne3 Qe5 35.Nxd5 cxd5 36.Qa6 Bc3
37.Bc1 Qxf5 38.Qa7 Be5 39.Qa2 d4 40.Qd5 Re8 41.Bf4 Qe6 42.Qxe4 Bxf4 43.Qxf4 Qd5
44.h4 Re1 45.Qd2 Qe4  0-1

[Event "It"]
[Site "Ratten AUT"]
[Date "2009.05.24"]
[Round "5"]
[White "Kragelj,I"]
[Black "Handler,L"]
[Result "1-0"]
[WhiteElo "2232"]
[BlackElo "2106"]

1.d4 Nf6 2.c4 e6 3.Nf3 b6 4.g3 Ba6 5.b3 Bb4+ 6.Bd2 Be7 7.Bg2 c6 8.Bc3 d5
9.Nbd2 Nbd7 10.O-O O-O 11.Re1 Rc8 12.e4 Nxe4 13.Nxe4 dxe4 14.Rxe4 c5 15.dxc5 bxc5
16.Qe1 Bf6 17.Rd1 Qe7 18.Re3 Bb7 19.Red3 Rfd8 20.Qd2 Bxc3 21.Qxc3 Be4 22.R3d2 Nb6
23.Ne5 Bxg2 24.Kxg2 Rxd2 25.Qxd2 Kf8 26.Qd3 g6 27.Qc3 h5 28.Nc6  1-0